000 00880nam a2200241Ia 4500
003 GCL
008 140319s9999 xx 000 0 ara d
040 _aGCL /
_cGCL
082 0 4 _a651.75
_bع م
100 1 _aعادل بن عبدالله العوضى
245 1 0 _aالمراسلات المكتبية :
_bالاسس والقواعد /
_cعادل بن عبدالله العوضى
700 1 _aفايزة بنت عبدالله العوضى
260 _aالكويت :
_bمكتبة الفلاح ،
_c2005
300 _a552 ص ؛
_c24 سم
650 0 4 _aعقود البيع
650 0 4 _aالمراسلات
650 0 4 _aالمراسلات التجارية
650 0 4 _aالمراسلات الحكومية
650 0 4 _aالمراسلات المكتبة
650 0 4 _aالمراسلات السرية
650 0 4 _aالمراسلات البرقية
942 _2ddc
_cBK
999 _c7377
_d7377